00558nam a2200145 a 450000100100000000500170001000800410002704000250006810000330009324501330012626000620025930000210032149000350034283000350037700003581320200930074631.0111114s1956 cu 000 0 spa d aDO-SdBNPbspacBNPHU1 aRong de Leuchsenring, Emilio10aBolivar, el congreso interamericano de Panama, en 1826, y la independencia de Cuba y Puerto Rico /cEmilio Rong de Leuchsenring. aLa Habana :bOficina del Historiador de la Ciudad,c1956. a167 p. ;c23 cm.1 aHistórica cubana y americana 0aHistórica cubana y americana